000 00584nam a2200205Ia 4500
005 20250923144259.0
008 008 250917s9999 xx 000 0 eng d
037 _aTextual
040 _aDSWL
_beng
_cDSWL
041 _aeng
_2eng
084 _aX:96:3:N2, F7
_qDSWL
100 _aCole, G.D.H
_9823178
245 0 _aShort history of the British workers class movenent 1789-1927. vol.1
_cby G.D.H Cole
260 _aLondon
_c1927
300 _a192 p.
365 _aINR
_b6
925 _g6
942 _cTEXL
_hX:96:3:N2, F7
999 _c1436950
_d1436950